Biggest Cities of Iberia in 1200 with a Map - Statistics

General Stats
  • This quiz has been taken 264 times
  • The average score is 27 of 60
Answers on the Map
Answers color-coded by a green-red scale on the quiz's map according to % correct below.
 
Answer Stats
Population Cities % Correct
23,000 Barchinona (Barcelona)
98%
15,000 Lixbõa (Lisbon)
96%
7,000 Porto
94%
80,000 Isbiliyyah (Seville)
93%
18,000 Balansiyyah (Valencia)
92%
20,000 Garnatah (Granada)
89%
11,000 Zaragoza
88%
35,000 Toleta (Toledo)
87%
12,000 Madinat Mayurqah (Palma de Mallorca)
86%
60,000 Qurtubah (Córdoba)
86%
9,000 Malaqah (Málaga)
85%
40,000 Leon (León)
84%
11,000 Mursiyyah (Murcia)
84%
6,000 Pampalona (Pamplona)
69%
16,000 Valletolit (Valladolid)
68%
5,000 Santiago de Compostela
66%
18,000 Madinat al-Mariyyah (Almería)
61%
17,000 Qartagannah al-Halfa (Cartagena)
61%
11,000 Salamanca
61%
20,000 Burgos
57%
5,000 Sanctaender (Santander)
57%
8,000 Tarragona
57%
15,000 Saris (Jerez de la Frontera)
56%
6,000 Gerunda (Girona)
55%
11,000 Batalyaws (Badajoz)
54%
17,000 Gayyan (Jaén)
54%
5,000 Coinbra (Coimbra)
52%
16,000 Maridah (Mérida)
52%
8,000 Leyda (Lleida)
41%
5,000 Uasca (Huesca)
38%
5,000 Secobia (Segovia)
37%
6,000 Zamora
34%
9,000 Evora (Évora)
32%
6,000 Palencia
30%
10,000 Daniyyah (Dénia)
28%
6,000 Gaia (Vila Nova de Gaia)
26%
5,000 Magunah (Mahón)
26%
5,000 Santaren (Santarém)
24%
10,000 Istiggah (Écija)
23%
6,000 Soria
22%
5,000 Alcalá de Henares
21%
10,000 Maliyyah Balis (Vélez-Málaga)
21%
7,000 Ubbadah al-Arab (Úbeda)
21%
9,000 Bayyasah (Baeza)
19%
6,000 Lawraqah (Lorca)
19%
9,000 Tortosa
19%
7,000 Satibah (Xàtiva)
18%
6,000 Tutela (Tudela)
15%
6,000 Chavias (Chaves)
14%
5,000 Madinat Antaqirah (Antequera)
14%
6,000 Barbastro
13%
7,000 Medina del Campo
13%
5,000 Al-Bas (Elvas)
12%
6,000 Arkus (Arcos de la Frontera)
12%
6,000 Bayyanah (Baena)
10%
5,000 Uryulah (Orihuela)
10%
5,000 Anduyar (Andújar)
9%
5,000 Istabah (Estepa)
8%
5,000 Qaturlah (Cazorla)
8%
5,000 Ocania (Ocaña)
7%
No matching quizzes found
Score Distribution
Percent of People with Each Score
Percentile by Number Answered
Your Score History
You have not taken this quiz